LEADER 03925nam 2200649 450 001 9910480268803321 005 20180327174159.0 010 $a0-8218-8073-X 010 $a0-8218-3775-3 035 $a(CKB)3240000000069936 035 $a(EBL)3113331 035 $a(SSID)ssj0000629374 035 $a(PQKBManifestationID)11433180 035 $a(PQKBTitleCode)TC0000629374 035 $a(PQKBWorkID)10730329 035 $a(PQKB)11762968 035 $a(MiAaPQ)EBC3113331 035 $a(PPN)197107370 035 $a(EXLCZ)993240000000069936 100 $a20060315h20062006 uy| 0 101 0 $aeng 135 $aur|n|---||||| 181 $ctxt 182 $cc 183 $acr 200 10$aMathematical studies on human disease dynamics $eemerging paradigms and challenges : AMS-IMS-SIAM Joint Summer Research Conference on modeling the dynamics of human diseases : emerging paradigms and challenges, July 17-21, 2005, Snowbird, Utah /$fAbba B. Gumel, editor-in-chief ; Carlos Castillo-Chavez, Ronald E. Mickens, Dominic P. Clemence, editors 210 1$aProvidence, Rhode Island :$cAmerican Mathematical Society,$d[2006] 210 4$dİ2006 215 $a1 online resource (406 p.) 225 1 $aContemporary mathematics,$x0271-4132 ;$v410 300 $aDescription based upon print version of record. 320 $aIncludes bibliographical references. 327 $a""Contents""; ""Preface""; ""Prologue""; ""List of Participants""; ""The impact of environmental variation on hantavirus infection in rodents""; ""Preventive treatment of tuberculosis through contact tracing""; ""Optimal vaccination strategies for an influenza-like illness in a heterogeneous population""; ""Mathematical applications associated with the deliberate release of infectious agents""; ""Critical response to post-outbreak vaccination against foot-and-mouth disease""; ""Some promising approaches to tumor-immune modeling"" 327 $a""Impact of prophylactic vaccination against human papillomavirus infection""""Population dynamics of developmental deficits due to an environmental neurotoxicant""; ""Optimal therapy regimens for treatment-resistant mutations of HIV""; ""Cancer modeling: A perspective on what's new and what's next""; ""Understanding a killer: A predictive model for tumor development""; ""Optimal control methods applied to disease models""; ""Infection dynamics on small-world networks""; ""Moving beyond averages: Individual-level variation in disease transmission"" 327 $a""Models for the spread of HIV /AIDS: Trends in Southern Africa""""Epidemic spread in populations at demographic equilibrium""; ""Models for Dengue transmission and control""; ""Seasonality of rotavirus infection with its vaccination""; ""Current research issues in mosquito-borne diseases modeling""; ""The role of transactional sex in spreading HIV in Nigeria"" 410 0$aContemporary mathematics (American Mathematical Society) ;$vv. 410. 606 $aEpidemiology$xMathematical models$vCongresses 606 $aDiseases$xMathematical models$vCongresses 608 $aElectronic books. 615 0$aEpidemiology$xMathematical models 615 0$aDiseases$xMathematical models 676 $a614.401/5118 702 $aGumel$b Abba B.$f1966- 702 $aCastillo-Cha?vez$b Carlos 702 $aMickens$b Ronald E.$f1943- 702 $aClemence$b Dominic P.$f1959- 712 02$aAmerican Mathematical Society, 712 02$aInstitute of Mathematical Statistics, 712 02$aSociety for Industrial and Applied Mathematics, 712 12$aAMS-IMS-SIAM Joint Summer Research Conference on "Modeling the dynamics of human disease: emerging paradigms and challenges" 801 0$bMiAaPQ 801 1$bMiAaPQ 801 2$bMiAaPQ 906 $aBOOK 912 $a9910480268803321 996 $aMathematical studies on human disease dynamics$92260100 997 $aUNINA LEADER 01304nam 2200397Ia 450 001 996386168503316 005 20200824132739.0 035 $a(CKB)4940000000077582 035 $a(EEBO)2240955198 035 $a(OCoLC)ocm12533188e 035 $a(OCoLC)12533188 035 $a(EXLCZ)994940000000077582 100 $a19850910d1690 uy | 101 0 $aeng 135 $aurbn||||a|bb| 200 14$aThe ingenious youth's companion$b[electronic resource] $efurnished with variety of copies of the hand in fashion, adorned with curious ffigures [sic] and flourishes /$finvented and performed ... by John Seddon 210 $a[London] $cSold by Iohn Stuart ...$d[1690?] 215 $a15 leaves of plates $cill 300 $aEngraved throughout by John Sturt. 300 $aPlace and date of publication from Wing. 300 $aReproduction of original in British Library. 330 $aeebo-0018 606 $aCopybooks 606 $aMaxims 615 0$aCopybooks. 615 0$aMaxims. 700 $aSeddon$b John$f1644-1700.$01006904 701 $aSturt$b John$f1658-1730.$01002176 801 0$bEAA 801 1$bEAA 801 2$bm/c 801 2$bWaOLN 906 $aBOOK 912 $a996386168503316 996 $aThe ingenious youth's companion$92318288 997 $aUNISA